000 00363nam a2200169Ia 4500
100 _aKrishna/Venkata P
650 _aGrid computing
942 _cBK
366 _f25
654 _agrid computing
245 _aPrinciples of Grid computing
260 _bAne Books
_c2010
082 _a4
_bKRI
300 _a246
546 _aENGLISH
_cComputers
999 _c34182
_d34182